Sports Quiz

Random Sports or Cricket Quiz

Most ODI Runs For England Quiz Stats

 Plays Quiz not verified by Sporcle

Challenge
Share
Tweet
Embed
Score 0/50 Timer 15:00
0 Plays Today
Runs Cricketer % Correct
5416Ian Bell
93.9%
4677Alec Stewart
93.7%
3293Andrew Flintoff
93.2%
5090Joe Root
91.7%
4335Marcus Trescothick
89.6%
4290Graham Gooch
89.4%
6069Eoin Morgan
89.1%
5079Paul Collingwood
88.9%
3204Alastair Cook
86.9%
4422Kevin Pietersen
86.4%
3637Nick Knight
86.4%
2088Ben Stokes
84.6%
2332Nasser Hussain
83.8%
1982Michael Vaughan
83.8%
2419Alex Hales
83.6%
1791Mike Atherton
83.6%
2380Graham Thorpe
82.1%
2113Ian Botham
81.1%
1834Owais Shah
81.1%
3170David Gower
79.5%
4010Allan Lamb
76.3%
2819Jonathon Trott
75%
2695Ravi Bopara
74.7%
2419Robin Smith
74.7%
3387Jos Buttler
73.5%
Runs Cricketer % Correct
3846Graeme Hick
73%
1645Moeen Ali
70.5%
4205Andrew Strauss
69.4%
2092Neil Fairbrother
68.9%
2095Mike Gatting
62.4%
2118Jonny Bairstow
61.9%
1361Chris Broad
57.8%
1082Geoffrey Boycott
56.6%
1282Matthew Prior
56.3%
2661Jason Roy
55.3%
1067Derek Randall
54.8%
690Phil DeFreitas
50.8%
707Luke Wright
50.5%
887James Taylor
50.3%
716Mark Ealham
50%
859Dennis Amiss
49.5%
1054Craig Kieswetter
47.5%
1097Vikram Solanki
47.2%
871Tim Bresnan
42.9%
1039Chris Woakes
40.9%
815Geraint Jones
40.2%
720Chris Tavare
39.4%
744Graeme Fowler
36.6%
848Bill Athey
36.4%
757Keith Fletcher
34.8%

You're not logged in!

Compare scores with friends on all Sporcle quizzes.
OR
Log In

You Might Also Like...

Show Comments

Extras

Top Quizzes Today


Score Distribution

Your Account Isn't Verified!

In order to create a playlist on Sporcle, you need to verify the email address you used during registration. Go to your Sporcle Settings to finish the process.

Report this User

Report this user for behavior that violates our Community Guidelines.

Details: